000
00298nam a22001337a 4500
008
260318b ||||| |||| 00| 0 eng d
020
_a
9789951873703
041
_a
eng
080
_a
342.4
100
_a
32
101
_a
jur
245
_a
Draftimi i Kushtetutës
_c
Arsim Bajrami
942
_2
udc
_c
BK
999
_c
60910
_d
60910